| 000 | 00468nam a22001817a 4500 | ||
|---|---|---|---|
| 005 | 20230717135312.0 | ||
| 008 | 230717b |||||||| |||| 00| 0 eng d | ||
| 020 | _a9789694481098 | ||
| 082 |
_a330.091 _bYAS-F |
||
| 100 | _aYasin,Hafiz Muhammad | ||
| 245 | _aFundamentals Of Islamic Economics and Finance | ||
| 260 |
_aindia _bIP PRESS _c2019 |
||
| 300 | _a555 | ||
| 500 | _aINCLUIDE INDEX | ||
| 650 | _aEconomics | ||
| 700 | _aHafiz Muhammad Yasin | ||
| 999 |
_c26034 _d26034 |
||